00366nam a2200145 a 450000500170000000800410001702000180005805000170007610000250009324500160011826000320013430000070016644000220017365000250019520140414173342.0110715s19uu xx 00 eng d a9789604034192 aERbC48 2007 aGrimm (The Brothers) aCinderella. aNew York :bWestern,c2007. a36 aTheatrical reader aCinderella-xfiction